BIBLIOTECA PODER JUDICIAL
Portal Judicial TDF

¿La indemnización agravada o especial a la que alude el art. 182 de la ley 20.744 es aplicable a los casos de despidos por razones de maternidad —art. 178 LCT— cuando se trata de trabajadores del género masculino? / (Registro nro. 6040)

000 -LEADER
fixed length control field 01351nab a22002897a 4500
003 - CONTROL NUMBER IDENTIFIER
control field OSt
005 - DATE AND TIME OF LATEST TRANSACTION
control field 20260118204139.0
008 - FIXED-LENGTH DATA ELEMENTS--GENERAL INFORMATION
fixed length control field 190605e xxu||||| |||| 00| 0 spa d
040 ## - CATALOGING SOURCE
Transcribing agency PJ
100 ## - MAIN ENTRY--PERSONAL NAME
9 (RLIN) 6831
Personal name Farías Sayago, Facundo
245 13 - TITLE STATEMENT
Title ¿La indemnización agravada o especial a la que alude el art. 182 de la ley 20.744 es aplicable a los casos de despidos por razones de maternidad —art. 178 LCT— cuando se trata de trabajadores del género masculino? /
Statement of responsibility, etc Facundo Farías Sayago, María Belén Enríquez Pendino.
260 ## - PUBLICATION, DISTRIBUTION, ETC. (IMPRINT)
Place of publication, distribution, etc Ciudad Autónoma de Buenos Aires :
Name of publisher, distributor, etc Thomson Reuters La Ley,
Date of publication, distribution, etc 2025.
300 ## - PHYSICAL DESCRIPTION
Extent p. 73-77
500 ## - GENERAL NOTE
General note Cita: TR LALEY AR/DOC/2664/2025.<br/><br/>
505 ## - FORMATTED CONTENTS NOTE
Title ¿Te interesa el texto completo? Solicitalo al correo: koha@justierradelfuego.gov.ar
650 #0 - SUBJECT ADDED ENTRY--TOPICAL TERM
9 (RLIN) 1316
Topical term or geographic name as entry element DERECHO LABORAL
650 #0 - SUBJECT ADDED ENTRY--TOPICAL TERM
9 (RLIN) 3053
Topical term or geographic name as entry element VIOLENCIA DE GÉNERO
650 #0 - SUBJECT ADDED ENTRY--TOPICAL TERM
9 (RLIN) 614
Topical term or geographic name as entry element DERECHOS HUMANOS
650 #0 - SUBJECT ADDED ENTRY--TOPICAL TERM
9 (RLIN) 1237
Topical term or geographic name as entry element IGUALDAD ANTE LA LEY
650 #0 - SUBJECT ADDED ENTRY--TOPICAL TERM
9 (RLIN) 1570
Topical term or geographic name as entry element DERECHOS DEL TRABAJADOR
650 #0 - SUBJECT ADDED ENTRY--TOPICAL TERM
9 (RLIN) 1487
Topical term or geographic name as entry element TRABAJO DE MUJERES
650 #0 - SUBJECT ADDED ENTRY--TOPICAL TERM
9 (RLIN) 1577
Topical term or geographic name as entry element DISCRIMINACION LABORAL
650 #0 - SUBJECT ADDED ENTRY--TOPICAL TERM
9 (RLIN) 4044
Topical term or geographic name as entry element PERSPECTIVA DE GÉNERO
700 ## - ADDED ENTRY--PERSONAL NAME
9 (RLIN) 6832
Personal name Enríquez Pendino, María Belén
773 0# - HOST ITEM ENTRY
Host Biblionumber 2711
Host Itemnumber 3168
Place, publisher, and date of publication Ciudad Autónoma de Buenos Aires : Thomson Reuters La Ley, 1999-2002.
Title Revista de derecho del trabajo. Nº 6 - Noviembre 2025
942 ## - ADDED ENTRY ELEMENTS (KOHA)
Source of classification or shelving scheme
Koha item type Analítica Artículo de Revista

No hay ítems disponibles.

12 de Octubre 789 Ushuaia - Tel:  54(02901)441571
Horario de Atención: 8.00 a 17.00 hs. 
bibliotecaush@justierradelfuego.gov.ar
koha@justierradelfuego.gov.ar
Seguinos en nuestras redes @bibliojustdf 

Con tecnología Koha